000 00274nam a22001217a 4500
008 170802b xxu||||| |||| 00| 0 eng d
041 _aeng
080 _a004
100 _a32
101 _aSHK
245 _aLOGIC DESIGN OF DIGITAL SYSTEMS
_cDIETMEYER,D.L
942 _2udc
_cBK
999 _c22511
_d22511